<?xml version="1.0" encoding="UTF-8"?><?xml-stylesheet type="text/xsl" href="static/style.xsl"?><OAI-PMH xmlns="http://www.openarchives.org/OAI/2.0/" xmlns:xsi="http://www.w3.org/2001/XMLSchema-instance" xsi:schemaLocation="http://www.openarchives.org/OAI/2.0/ http://www.openarchives.org/OAI/2.0/OAI-PMH.xsd"><responseDate>2026-04-17T06:29:54Z</responseDate><request verb="GetRecord" identifier="oai:www.recercat.cat:2117/104807" metadataPrefix="marc">https://recercat.cat/oai/request</request><GetRecord><record><header><identifier>oai:recercat.cat:2117/104807</identifier><datestamp>2025-07-23T06:32:51Z</datestamp><setSpec>com_2072_1033</setSpec><setSpec>col_2072_452951</setSpec></header><metadata><record xmlns="http://www.loc.gov/MARC21/slim" xmlns:dcterms="http://purl.org/dc/terms/" xmlns:xsi="http://www.w3.org/2001/XMLSchema-instance" xmlns:doc="http://www.lyncode.com/xoai" xsi:schemaLocation="http://www.loc.gov/MARC21/slim http://www.loc.gov/standards/marcxml/schema/MARC21slim.xsd">
   <leader>00925njm 22002777a 4500</leader>
   <datafield ind2=" " ind1=" " tag="042">
      <subfield code="a">dc</subfield>
   </datafield>
   <datafield ind2=" " ind1=" " tag="720">
      <subfield code="a">Girona Redecillas, Miguel Ángel</subfield>
      <subfield code="e">author</subfield>
   </datafield>
   <datafield ind2=" " ind1=" " tag="260">
      <subfield code="c">2015-02-05</subfield>
   </datafield>
   <datafield ind2=" " ind1=" " tag="520">
      <subfield code="a">En aquest projecte es pretén fer un disseny i fabricació d'un utillatge progressiu per a&#xd;
conformació de xapa.&#xd;
Aquest tipus de procés de conformat en xapa, engloba tots aquells treballs en els quals&#xd;
es modifica la forma o el volum d'una xapa, usant diferents mètodes com el&#xd;
doblegat la embotició i altres procediments de conformat com per exemple&#xd;
l'estampació.&#xd;
Aquest projecte esta compost per tres grans blocs en els quals es desglossaran tant les&#xd;
fases de treball en fabricació com les orientacions teòriques i tècniques per&#xd;
comprendre el disseny complet d'un utillatge progressiu.&#xd;
-Teòric amb les característiques d'aquest tipus de sistema de fabricació.&#xd;
-Disseny i desenvolupament de l'eina especifica per a la consecució de la peça a la qual&#xd;
fa referència al projecte.&#xd;
-Desenvolupament de les especificacions de fabricació de l’ utillatge i característica&#xd;
dels sistemes de fabricació del mateix.</subfield>
   </datafield>
   <datafield tag="653" ind2=" " ind1=" ">
      <subfield code="a">Àrees temàtiques de la UPC::Enginyeria mecànica::Processos de fabricació mecànica</subfield>
   </datafield>
   <datafield tag="653" ind2=" " ind1=" ">
      <subfield code="a">Sheet-metal -- Formability</subfield>
   </datafield>
   <datafield tag="653" ind2=" " ind1=" ">
      <subfield code="a">Tremp</subfield>
   </datafield>
   <datafield tag="653" ind2=" " ind1=" ">
      <subfield code="a">Revingut</subfield>
   </datafield>
   <datafield tag="653" ind2=" " ind1=" ">
      <subfield code="a">F - 521</subfield>
   </datafield>
   <datafield tag="653" ind2=" " ind1=" ">
      <subfield code="a">F - 522</subfield>
   </datafield>
   <datafield tag="653" ind2=" " ind1=" ">
      <subfield code="a">F - 114</subfield>
   </datafield>
   <datafield tag="653" ind2=" " ind1=" ">
      <subfield code="a">AP - 11</subfield>
   </datafield>
   <datafield tag="653" ind2=" " ind1=" ">
      <subfield code="a">Xapes metàl·liques -- Conformació</subfield>
   </datafield>
   <datafield ind2="0" ind1="0" tag="245">
      <subfield code="a">Disseny i fabricació d’un utillatge progressiu per a conformació de xapa</subfield>
   </datafield>
</record></metadata></record></GetRecord></OAI-PMH>